[Event "Mitropa Cup"]
[Site "Apolda"]
[Date "2024.02.20"]
[Round "6.11"]
[White "Bochnicka, Vladimir1"]
[Black "Gnojek, Petr"]
[Result "0-1"]
[WhiteElo "2405"]
[BlackElo "2431"]
[PlyCount "84"]
[EventDate "2024.02.15"]
[EventType "team-tourn"]
[EventRounds "9"]
[EventCountry "GER"]
[SourceTitle "CB09_2024"]
[SourceDate "2024.02.28"]
[SourceVersion "1"]
[SourceVersionDate "2024.02.28"]
[SourceQuality "1"]
[WhiteTeam "Slovakia"]
[BlackTeam "Czech Republic"]
[WhiteTeamCountry "SVK"]
[BlackTeamCountry "CZE"]

1. e4 d6 2. d4 Nf6 3. Nc3 g6 4. Nf3 Bg7 5. Be3 c6 6. Qd2 b5 7. Bd3 Bg4 8. 0-0-0 0-0 9. Bh6 e5 10. dxe5 dxe5 11. h4 Na6 12. Ne2 Qe7 13. Ng3 Nh5 14. Nxh5 gxh5 15. Be3 Rfd8 16. Qc3 Nb4 17. Kb1 a5 18. a3 Nxd3 19. Rxd3 b4 20. Qc5 Qxc5 21. Bxc5 Rxd3 22. cxd3 b3 23. Bb6 a4 24. Rc1 Bxf3 25. gxf3 Bf6 26. Bc7 Rc8 27. Ba5 Bxh4 28. Rh1 Bxf2 29. Rxh5 f6 30. Kc1 c5 31. Kd2 Bd4 32. Bc3 Rc7 33. f4 exf4 34. Rf5 Rg7 35. Bxd4 cxd4 36. Rxf6 Rg2+ 37. Kc1 Rc2+ 38. Kb1 Rf2 39. Kc1 Kg7 40. e5 h5 41. Rf5 h4 42. Rh5 Rc2+ 0-1

[Event "CZE-chT 2324"]
[Site "Czech Republic"]
[Date "2023.10.15"]
[Round "2.1"]
[White "Pulpan, Jakub"]
[Black "Gnojek, Petr"]
[Result "0-1"]
[WhiteElo "2386"]
[BlackElo "2360"]
[PlyCount "124"]
[EventDate "2023.10.14"]
[EventType "team-tourn"]
[EventRounds "11"]
[EventCountry "CZE"]
[SourceTitle "Mega2024 Update 01"]
[Source "Chessbase"]
[SourceDate "2023.11.12"]
[SourceVersion "1"]
[SourceVersionDate "2023.11.12"]
[SourceQuality "1"]
[WhiteTeam "Lysa nad Labem"]
[BlackTeam "Frydek Mistek"]
[WhiteTeamCountry "CZE"]
[BlackTeamCountry "CZE"]

1. e4 c5 2. Nf3 d6 3. d4 cxd4 4. Qxd4 Nc6 5. Bb5 Bd7 6. Bxc6 Bxc6 7. Nc3 Nf6 8. Bg5 e6 9. 0-0-0 Be7 10. Bxf6 Bxf6 11. Qxd6 Qa5 12. Nd4 Rd8 13. Nxc6 Qg5+ 14. f4 Rxd6 15. fxg5 Bxg5+ 16. Kb1 Rxc6 17. Nb5 Ke7 18. Nd4 Rc5 19. Nf3 Bf4 20. g3 Bc7 21. c3 g5 22. Kc2 g4 23. Nd4 Be5 24. Ne2 Rc4 25. Kd3 b5 26. h3 Rd8+ 27. Ke3 Rxd1 28. Rxd1 gxh3 29. Rh1 b4 30. Kd3 Rc6 31. cxb4 Bxb2 32. Rxh3 Ra6 33. Kc2 Bf6 34. Kb3 Rd6 35. Kc2 Bg5 36. Nc3 Rd2+ 37. Kb3 Rd3 38. Kc2 Re3 39. Nb5 a6 40. Nc7 a5 41. bxa5 Ra3 42. Rxh7 Rxa2+ 43. Kb3 Rxa5 44. Kc4 Ra4+ 45. Kd3 Ra3+ 46. Kc4 Bf6 47. Nb5 Rxg3 48. Kc5 Rg5+ 49. Kc4 Rg4 50. Kc5 Be5 51. Na7 Rxe4 52. Nc6+ Kf8 53. Rh5 Bf6 54. Rh1 Rg4 55. Kd6 Rg5 56. Rb1 Rd5+ 57. Kc7 Be5+ 58. Kc8 Bf4 59. Rb7 e5 60. Nd8 Rc5+ 61. Kd7 e4 62. Rb4 Rc7# 0-1

[Event "POL-chT 1st League"]
[Site "Leba"]
[Date "2023.09.30"]
[Round "8.6"]
[White "Golecki, Jan"]
[Black "Gnojek, Petr"]
[Result "1/2-1/2"]
[WhiteElo "2183"]
[BlackElo "2360"]
[PlyCount "119"]
[EventDate "2023.09.23"]
[EventType "team-swiss"]
[EventRounds "9"]
[EventCountry "POL"]
[SourceTitle "EXT 2024"]
[Source "ChessBase"]
[SourceDate "2023.10.10"]
[SourceVersion "1"]
[SourceVersionDate "2023.10.10"]
[SourceQuality "1"]
[WhiteTeam "Chylice Laura"]
[BlackTeam "Czestochowa Hetman"]
[WhiteTeamCountry "POL"]
[BlackTeamCountry "POL"]

1. e4 d6 2. d4 Nf6 3. Nc3 g6 4. Be3 a6 5. h3 Bg7 6. e5 Nfd7 7. f4 c5 8. exd6 exd6 9. dxc5 Bxc3+ 10. bxc3 Nxc5 11. Bxc5 dxc5 12. Qxd8+ Kxd8 13. 0-0-0+ Kc7 14. Bc4 f6 15. Nf3 Nc6 16. Nd2 b6 17. Rhe1 Bb7 18. Ne4 Rhf8 19. Nd6 Rad8 20. Nxb7 Kxb7 21. Bd5 Rfe8 22. c4 Kc7 23. c3 Re7 24. h4 Rde8 25. Rxe7+ Rxe7 26. Kd2 b5 27. h5 bxc4 28. Bxc4 Re4 29. Bxa6 Rxf4 30. Be2 gxh5 31. Rh1 h4 32. Ke3 Ra4 33. Rf1 Ne7 34. c4 Ra3+ 35. Bd3 Nc6 36. Ke4 Ne5 37. Bb1 Nxc4 38. Rf2 Rc3 39. a4 Kb6 40. Rxf6+ Ka5 41. Kf4 h3 42. gxh3 Rxh3 43. Rf7 Rh1 44. Bd3 Nb2 45. Ra7+ Kb6 46. Rb7+ Kxb7 47. Be4+ Kc7 48. Bxh1 Nxa4 49. Bd5 Nb6 50. Bg8 h6 51. Kf5 Nc8 52. Ba2 Ne7+ 53. Kg4 Kd6 54. Kf4 Nd5+ 55. Kg4 Nf6+ 56. Kf5 Ke7 57. Kg6 h5 58. Kg5 Kd7 59. Kxf6 h4 60. Ke5 1/2-1/2

[Event "Pardubice Czech op-E 34th"]
[Site "Pardubice"]
[Date "2023.07.14"]
[Round "3"]
[White "Gnojek, Petr"]
[Black "Haman, Jakub"]
[Result "1-0"]
[WhiteElo "2360"]
[BlackElo "2206"]
[PlyCount "55"]
[EventDate "2023.07.13"]
[EventType "team-swiss"]
[EventRounds "7"]
[EventCountry "CZE"]
[SourceTitle "CBM 215 Extra"]
[Source "ChessBase"]
[SourceDate "2023.09.30"]
[SourceVersion "1"]
[SourceVersionDate "2023.09.30"]
[SourceQuality "1"]
[WhiteTeam "Frydek Mistek"]
[BlackTeam "Ministry of Cannabis"]
[WhiteTeamCountry "CZE"]
[BlackTeamCountry "CZE"]

1. d4 d5 2. c4 c6 3. Nf3 Nf6 4. Nc3 e6 5. Bg5 dxc4 6. e4 b5 7. e5 h6 8. Bh4 g5 9. Nxg5 hxg5 10. Bxg5 Nbd7 11. g3 Bb7 12. Bg2 Qb6 13. exf6 0-0-0 14. 0-0 c5 15. dxc5 Bxc5 16. Qe2 Rdg8 17. Be3 Bxg2 18. Kxg2 Qc6+ 19. f3 Nxf6 20. Bxc5 Qxc5 21. Qf2 Qc6 22. Qxa7 Ng4 23. h3 Ne5 24. a4 Nd3 25. axb5 Rxg3+ 26. Kxg3 Qd6+ 27. f4 Rg8+ 28. Kh2 1-0

[Event "Pobeskydy IM"]
[Site "Frydek Mistek"]
[Date "2023.04.06"]
[Round "1"]
[White "Gnojek, Petr"]
[Black "Rakhmangulova, Anastasiya"]
[Result "1-0"]
[WhiteElo "2331"]
[BlackElo "2266"]
[PlyCount "89"]
[EventDate "2023.04.06"]
[EventType "tourn"]
[EventRounds "9"]
[EventCountry "CZE"]
[EventCategory "2"]
[SourceTitle "CBM 213 Extra"]
[Source "ChessBase"]
[SourceDate "2023.05.31"]
[SourceVersion "1"]
[SourceVersionDate "2023.05.31"]
[SourceQuality "1"]

1. d4 d5 2. c4 c6 3. Nf3 Nf6 4. Nc3 e6 5. Bg5 Nbd7 6. cxd5 exd5 7. e3 h6 8. Bh4 g5 9. Bg3 Nh5 10. Bd3 Nxg3 11. hxg3 Bg7 12. Qc2 Nb6 13. 0-0-0 Be6 14. Ne5 Qe7 15. f4 0-0-0 16. Qf2 Kb8 17. Rhf1 Bc8 18. e4 dxe4 19. Bxe4 f5 20. Bc2 Rhe8 21. Rfe1 Qc7 22. Kb1 g4 23. Bb3 Be6 24. Qc2 Bxb3 25. Qxb3 a6 26. a4 Ka7 27. a5 Nc8 28. Qb4 Bf8 29. Qa4 Nd6 30. Rc1 Qg7 31. Qb3 Qc7 32. Qa4 Qg7 33. Red1 Rc8 34. d5 c5 35. b4 Rxe5 36. fxe5 Qxe5 37. b5 Bg7 38. b6+ Kb8 39. Qf4 Qxf4 40. gxf4 Nc4 41. Na4 Ne3 42. Nxc5 Rxc5 43. Rxc5 Nxd1 44. d6 Nc3+ 45. Kc2 1-0

[Event "CZE-ch U20"]
[Site "Jaromerice nad Rokytnou"]
[Date "2023.03.16"]
[Round "9"]
[White "Gnojek, Petr"]
[Black "Jares, Michal"]
[Result "1/2-1/2"]
[WhiteElo "2313"]
[BlackElo "2177"]
[PlyCount "183"]
[EventDate "2023.03.10"]
[EventType "tourn"]
[EventRounds "11"]
[EventCountry "CZE"]
[SourceTitle "CBM 213 Extra"]
[Source "ChessBase"]
[SourceDate "2023.05.31"]
[SourceVersion "1"]
[SourceVersionDate "2023.05.31"]
[SourceQuality "1"]

1. d4 Nf6 2. c4 g6 3. Nc3 Bg7 4. e4 d6 5. h3 0-0 6. Be3 Nbd7 7. Nge2 e5 8. d5 Nh5 9. Qd2 a5 10. 0-0-0 Nc5 11. g4 Nf4 12. Nxf4 exf4 13. Bxf4 a4 14. e5 a3 15. Bd3 dxe5 16. Be3 axb2+ 17. Kb1 Nxd3 18. Qxd3 Bd7 19. Bc5 Re8 20. f3 b6 21. Bb4 Ra7 22. Nb5 Ra4 23. Qb3 Bxb5 24. cxb5 Qa8 25. Rhe1 Bf8 26. Bxf8 Rxf8 27. Kxb2 Qa5 28. Re4 Rd4 29. Rdxd4 exd4 30. Kc2 Qa8 31. Rxd4 Qd8 32. Qc3 Qd6 33. a4 Qh2+ 34. Kb3 Qh1 35. Ka3 Ra8 36. d6 cxd6 37. Rxd6 Qg1 38. Rc6 Rf8 39. Rc8 Rxc8 40. Qxc8+ Kg7 41. Qc3+ Kg8 42. h4 Qd1 43. h5 Qd6+ 44. Kb2 gxh5 45. gxh5 h6 46. Qc8+ Kg7 47. Qg4+ Kh8 48. Kc2 Qc5+ 49. Kd2 Kh7 50. Kd3 Qa3+ 51. Ke2 Qb2+ 52. Kf1 Qa1+ 53. Kg2 Qb2+ 54. Kh3 Qa1 55. Qf4 Kg7 56. Kg4 Qc3 57. Qe4 Qc8+ 58. Kg3 Qc3 59. Qg4+ Kf6 60. Qf4+ Kg7 61. Qe4 Qf6 62. f4 Qd8 63. Qe3 Kh7 64. Qc3 Qd6 65. Qc4 Kg7 66. Qc3+ Kh7 67. Qe3 Qd8 68. a5 bxa5 69. b6 Qd5 70. Qf3 Qb5 71. b7 f5 72. Kh3 a4 73. Qg2 Kh8 74. Qf3 Kh7 75. Qg2 Kh8 76. Qg6 Qxb7 77. Qxh6+ Kg8 78. Qg6+ Kh8 79. Qf6+ Kg8 80. Qg6+ Kh8 81. Qf6+ Kg8 82. Qxf5 Qb3+ 83. Kh4 a3 84. Qg6+ Kh8 85. Qf6+ Kg8 86. Qg6+ Kh8 87. Qf6+ Kh7 88. Qe7+ Kh8 89. Qf8+ Kh7 90. Qe7+ Kh8 91. Qe8+ Kh7 92. Qe7+ 1/2-1/2

[Event "CZE-ch U20"]
[Site "Jaromerice nad Rokytnou"]
[Date "2023.03.15"]
[Round "7"]
[White "Gnojek, Petr"]
[Black "Smolik, Jachym"]
[Result "1-0"]
[WhiteElo "2313"]
[BlackElo "2297"]
[PlyCount "139"]
[EventDate "2023.03.10"]
[EventType "tourn"]
[EventRounds "11"]
[EventCountry "CZE"]
[SourceTitle "CBM 213 Extra"]
[Source "ChessBase"]
[SourceDate "2023.05.31"]
[SourceVersion "1"]
[SourceVersionDate "2023.05.31"]
[SourceQuality "1"]

1. d4 d5 2. c4 dxc4 3. e4 b5 4. a4 c6 5. Nc3 Qb6 6. Be3 b4 7. a5 Qa6 8. Nb1 e5 9. dxe5 Nd7 10. e6 fxe6 11. Nd2 Ne5 12. Qh5+ Ng6 13. Bxc4 Qb7 14. f4 Nf6 15. Qf3 Be7 16. Nh3 c5 17. 0-0 0-0 18. Ng5 Qc6 19. Qh3 h6 20. Nxe6 Rf7 21. Qg3 Bxe6 22. Bxe6 Qxe6 23. Qxg6 Qg4 24. Qxg4 Nxg4 25. Nc4 Nxe3 26. Nxe3 Rd8 27. Nd5 Bf6 28. Rab1 Bd4+ 29. Kh1 Rb7 30. Rfd1 Re8 31. e5 Rd8 32. Ne3 Rf8 33. Re1 Rxf4 34. Nd5 Rf8 35. e6 c4 36. Re4 Bf6 37. Nxf6+ gxf6 38. Rxc4 Re8 39. Re1 Rb5 40. Rg4+ Kf8 41. Rg6 Rxa5 42. Rxf6+ Kg7 43. Ref1 Re5 44. Rf7+ Kg6 45. Rxa7 R8xe6 46. Rb7 Re4 47. h3 Re7 48. Rxe7 Rxe7 49. Rf4 b3 50. Rf3 Rb7 51. Kg1 Kg5 52. Kf2 h5 53. g3 Rb8 54. Ke2 Re8+ 55. Kd2 Rd8+ 56. Kc3 Rd1 57. Kxb3 Rh1 58. h4+ Kg4 59. Rc3 Re1 60. Ka4 Ra1+ 61. Kb5 Ra8 62. b4 Rb8+ 63. Ka4 Ra8+ 64. Kb3 Rb8 65. Rc5 Kxg3 66. Rxh5 Kg4 67. Re5 Kxh4 68. b5 Kg4 69. Kb4 Kf4 70. Re1 1-0

[Event "CZE-ch U20"]
[Site "Jaromerice nad Rokytnou"]
[Date "2023.03.15"]
[Round "8"]
[White "Svanda, Ondrej"]
[Black "Gnojek, Petr"]
[Result "1-0"]
[WhiteElo "2366"]
[BlackElo "2313"]
[PlyCount "73"]
[EventDate "2023.03.10"]
[EventType "tourn"]
[EventRounds "11"]
[EventCountry "CZE"]
[SourceTitle "CBM 213 Extra"]
[Source "ChessBase"]
[SourceDate "2023.05.31"]
[SourceVersion "1"]
[SourceVersionDate "2023.05.31"]
[SourceQuality "1"]

1. e4 c5 2. c3 Nf6 3. e5 Nd5 4. Nf3 e6 5. d4 cxd4 6. cxd4 d6 7. Bc4 Nc6 8. 0-0 Be7 9. Qe2 0-0 10. Rd1 a6 11. Nc3 Nxc3 12. bxc3 dxe5 13. dxe5 Qa5 14. h4 Qa4 15. h5 b5 16. Bd3 Rd8 17. Bg5 Bb7 18. h6 g6 19. Be4 Qa3 20. Qe3 Bxg5 21. Qxg5 Qf8 22. Bxc6 Bxc6 23. Nh2 a5 24. Ng4 a4 25. Qf4 Qe7 26. Nf6+ Kh8 27. Rd6 Bd5 28. Nxd5 exd5 29. Rd1 Kg8 30. R1xd5 Rxd6 31. exd6 Qe1+ 32. Kh2 Qxc3 33. d7 Rd8 34. Re5 Qc6 35. Qf6 Qxf6 36. Re8+ Rxe8 37. dxe8R# 1-0

[Event "CZE-ch U20"]
[Site "Jaromerice nad Rokytnou"]
[Date "2023.03.12"]
[Round "4"]
[White "Gnojek, Petr"]
[Black "Frank, Adam"]
[Result "1/2-1/2"]
[WhiteElo "2313"]
[BlackElo "2391"]
[PlyCount "90"]
[EventDate "2023.03.10"]
[EventType "tourn"]
[EventRounds "11"]
[EventCountry "CZE"]
[SourceTitle "CBM 213 Extra"]
[Source "ChessBase"]
[SourceDate "2023.05.31"]
[SourceVersion "1"]
[SourceVersionDate "2023.05.31"]
[SourceQuality "1"]

1. d4 g6 2. c4 Bg7 3. Nc3 d6 4. e4 e5 5. Nge2 Nd7 6. Be3 Ne7 7. Qd2 0-0 8. 0-0-0 exd4 9. Bxd4 Nc6 10. Bxg7 Kxg7 11. Nd5 Nb6 12. Nec3 Be6 13. h4 h5 14. f3 Ne5 15. f4 Ng4 16. Qd4+ Kh7 17. Be2 c5 18. Qg1 Nxd5 19. exd5 Bf5 20. Bxg4 Bxg4 21. Re1 Bf5 22. Qe3 a6 23. Qe7 b5 24. Qxd8 Rfxd8 25. Re7 Kg7 26. Rhe1 bxc4 27. Ne4 Bxe4 28. R1xe4 Kf6 29. Kd2 Rab8 30. Kc3 Rb4 31. Ra7 Rdb8 32. Re2 Ra4 33. Ree7 Kf5 34. Rxf7+ Ke4 35. Rab7 Rxb7 36. Rxb7 Rxa2 37. Rg7 Ra1 38. Rxg6 Kxd5 39. Rg5+ Ke4 40. Kxc4 Rc1+ 41. Kb3 d5 42. Re5+ Kxf4 43. Rxd5 Kg4 44. g3 c4+ 45. Kb4 Rc2 1/2-1/2

[Event "CZE-ch U20"]
[Site "Jaromerice nad Rokytnou"]
[Date "2023.03.10"]
[Round "1"]
[White "Hrbek, Stepan"]
[Black "Gnojek, Petr"]
[Result "1-0"]
[WhiteElo "2340"]
[BlackElo "2313"]
[PlyCount "97"]
[EventDate "2023.03.10"]
[EventType "tourn"]
[EventRounds "11"]
[EventCountry "CZE"]
[SourceTitle "CBM 213 Extra"]
[Source "ChessBase"]
[SourceDate "2023.05.31"]
[SourceVersion "1"]
[SourceVersionDate "2023.05.31"]
[SourceQuality "1"]

1. e4 c5 2. Nf3 e6 3. g3 Nc6 4. Bg2 Nf6 5. d3 d6 6. 0-0 Be7 7. b3 Nd7 8. Bb2 Bf6 9. c3 0-0 10. d4 Qc7 11. Nbd2 g6 12. Nc4 Rd8 13. Ne3 Ne7 14. Qe2 Bg7 15. Rad1 Nf6 16. e5 dxe5 17. dxe5 Rxd1 18. Rxd1 Nd7 19. c4 h5 20. g4 Nc6 21. gxh5 Ndxe5 22. Nxe5 Nxe5 23. f4 Nc6 24. Bxc6 bxc6 25. hxg6 fxg6 26. Bxg7 Kxg7 27. Qb2+ e5 28. Qxe5+ Qxe5 29. fxe5 Bh3 30. Kf2 Re8 31. Rd6 Rxe5 32. Rxc6 Kh6 33. Ra6 Re7 34. Ra5 Rc7 35. Nd5 Rf7+ 36. Kg3 Bf5 37. Rxc5 Be4 38. Nf4 Rd7 39. Re5 Bb1 40. Re2 Rd1 41. Nd5 Bd3 42. Rf2 Be4 43. Nc3 Rd3+ 44. Kf4 Bf5 45. Nd5 a5 46. Ke5 Bg4 47. c5 Bd7 48. Kd6 Bf5 49. Rxf5 1-0

[Event "CZE-chT1E 2223"]
[Site "Czech Republic"]
[Date "2023.02.25"]
[Round "8.3"]
[White "Vymazal, Bronislav"]
[Black "Gnojek, Petr"]
[Result "1-0"]
[WhiteElo "2346"]
[BlackElo "2327"]
[PlyCount "121"]
[EventDate "2022.10.08"]
[EventType "team-tourn"]
[EventRounds "11"]
[EventCountry "CZE"]
[SourceTitle "CBM 213 Extra"]
[Source "ChessBase"]
[SourceDate "2023.05.31"]
[SourceVersion "1"]
[SourceVersionDate "2023.05.31"]
[SourceQuality "1"]
[WhiteTeam "Brno Moravska Slavia II"]
[BlackTeam "Frydek Mistek II"]
[WhiteTeamCountry "CZE"]
[BlackTeamCountry "CZE"]

1. e4 c5 2. Nf3 e6 3. d4 cxd4 4. Nxd4 Nc6 5. c4 Nf6 6. Nc3 Bb4 7. Nxc6 bxc6 8. Bd3 e5 9. 0-0 d6 10. Qa4 Bxc3 11. bxc3 Qd7 12. c5 0-0 13. cxd6 Qxd6 14. Rd1 Bg4 15. Be2 Qc7 16. Bxg4 Nxg4 17. h3 Nf6 18. Be3 a5 19. Rab1 Rfb8 20. Kh2 h6 21. f3 Nd7 22. Qa3 Nb6 23. Qc5 Na4 24. Qa3 Nb6 25. Qc5 Na4 26. Qa3 Nb6 27. Bxb6 Rxb6 28. Qc5 Rxb1 29. Rxb1 Qd7 30. Qxe5 Qd2 31. a4 Qa2 32. Rb8+ Rxb8 33. Qxb8+ Kh7 34. Qc7 Qxa4 35. Qxf7 Qb5 36. f4 a4 37. e5 a3 38. e6 a2 39. e7 Qe2 40. e8Q Qxe8 41. Qxe8 a1Q 42. Qxc6 Qe1 43. Qf3 Kg8 44. c4 Kf8 45. Qa8+ Ke7 46. Qb7+ Kf6 47. Qd5 Qc1 48. Qd6+ Kf5 49. c5 Ke4 50. c6 Ke3 51. c7 Kf2 52. Qd4+ Ke2 53. Qxg7 Kf1 54. Qe5 Qc6 55. Qa1+ Ke2 56. Qb2+ Kf1 57. Kg3 Qg6+ 58. Kh4 Qc6 59. Qg7 Qc4 60. g3 Kg1 61. Qd7 1-0

[Event "CZE-chT 2223"]
[Site "Czech Republic"]
[Date "2022.10.15"]
[Round "1.1"]
[White "Gnojek, Petr"]
[Black "Jurcik, Marian"]
[Result "1-0"]
[WhiteElo "2327"]
[BlackElo "2400"]
[PlyCount "78"]
[EventDate "2022.10.15"]
[EventType "team-tourn"]
[EventRounds "11"]
[EventCountry "CZE"]
[SourceTitle "CBM 210 Extra"]
[Source "ChessBase"]
[SourceDate "2022.11.30"]
[SourceVersion "1"]
[SourceVersionDate "2022.11.30"]
[SourceQuality "1"]
[WhiteTeam "Frydek Mistek"]
[BlackTeam "Unichess"]
[WhiteTeamCountry "CZE"]
[BlackTeamCountry "CZE"]

1. d4 d5 2. c4 dxc4 3. e4 Nf6 4. e5 Nd5 5. Bxc4 Bf5 6. Ne2 e6 7. 0-0 Nb6 8. Bb3 Nc6 9. Nbc3 Qd7 10. Be3 0-0-0 11. f3 f6 12. exf6 gxf6 13. Qd2 Na5 14. Ne4 Nac4 15. Qc1 Nxe3 16. Qxe3 Nd5 17. Bxd5 exd5 18. Nxf6 Qg7 19. Nh5 Qf7 20. Nhg3 Bg6 21. Qf4 Qd7 22. Qg4 Qxg4 23. fxg4 Bg7 24. Rad1 Rhe8 25. Nf4 Bc2 26. Rd2 Ba4 27. g5 Bf8 28. Re2 Bb5 29. Rxe8 Rxe8 30. Rc1 Bc6 31. Nfh5 Bb4 32. Rd1 Rf8 33. Nf6 h6 34. h4 hxg5 35. hxg5 Be7 36. Ngh5 Kd8 37. Rf1 Be8 38. Ng7 Bf7 39. Nh7 Rg8 1-0

[Event "POL-chT 2nd League"]
[Site "Jastrzebia Gora"]
[Date "2022.09.08"]
[Round "6.13"]
[White "Sapis, Witalis"]
[Black "Gnojek, Petr"]
[Result "1-0"]
[WhiteElo "2378"]
[BlackElo "2335"]
[PlyCount "99"]
[EventDate "2022.09.03"]
[EventType "team-swiss"]
[EventRounds "9"]
[EventCountry "POL"]
[SourceTitle "CBM 210 Extra"]
[Source "ChessBase"]
[SourceDate "2022.11.30"]
[SourceVersion "1"]
[SourceVersionDate "2022.11.30"]
[SourceQuality "1"]
[WhiteTeam "Grzybowo GKSz Solny"]
[BlackTeam "Czestochowa Hetman"]
[WhiteTeamCountry "POL"]
[BlackTeamCountry "POL"]

1. d4 f5 2. Bf4 Nf6 3. e3 d6 4. h3 c6 5. Nf3 g6 6. c4 Bg7 7. Nc3 Qa5 8. Be2 0-0 9. 0-0 c5 10. Bh2 a6 11. a3 Bd7 12. Rb1 cxd4 13. exd4 Ne4 14. Nxe4 fxe4 15. Nd2 Qf5 16. d5 h5 17. g4 Qg5 18. Nxe4 Qh6 19. Qb3 b5 20. c5 hxg4 21. hxg4 dxc5 22. Nxc5 Qd2 23. Qe3 Qxe3 24. fxe3 Rxf1+ 25. Kxf1 Be8 26. Ne6 Nd7 27. Nxg7 Kxg7 28. Rc1 Nb6 29. e4 Nc4 30. Kf2 Ra7 31. Bxc4 bxc4 32. Rxc4 Rb7 33. b4 Bd7 34. g5 Kf7 35. Ke3 a5 36. Rc7 Rxc7 37. Bxc7 axb4 38. axb4 Ba4 39. Kd4 Ke8 40. Kc5 Kd7 41. Bf4 Bc2 42. b5 Bd3 43. e5 Be4 44. e6+ Kc8 45. Kc6 Bd3 46. b6 Ba6 47. d6 Bb7+ 48. Kc5 Kd8 49. d7 Bc6 50. Bc7# 1-0

[Event "POL-chT 2nd League"]
[Site "Jastrzebia Gora"]
[Date "2022.09.05"]
[Round "3.30"]
[White "Gnojek, Petr"]
[Black "Golubka, Petr"]
[Result "1/2-1/2"]
[WhiteElo "2335"]
[BlackElo "2360"]
[PlyCount "40"]
[EventDate "2022.09.03"]
[EventType "team-swiss"]
[EventRounds "9"]
[EventCountry "POL"]
[SourceTitle "CBM 210 Extra"]
[Source "ChessBase"]
[SourceDate "2022.11.30"]
[SourceVersion "1"]
[SourceVersionDate "2022.11.30"]
[SourceQuality "1"]
[WhiteTeam "Czestochowa Hetman"]
[BlackTeam "Plock Hetman"]
[WhiteTeamCountry "POL"]
[BlackTeamCountry "POL"]

1. d4 d5 2. c4 dxc4 3. e4 Nc6 4. Nf3 Bg4 5. d5 Ne5 6. Bf4 Ng6 7. Be3 e5 8. Qa4+ Bd7 9. Qxc4 Nf6 10. Nc3 a6 11. Bd3 Bd6 12. 0-0 0-0 13. a4 Qe7 14. Ne2 b5 15. axb5 Bxb5 16. Qc2 Nxd5 17. Nc3 Nf6 18. Nxb5 axb5 19. Qc6 Qe8 20. Qxe8 Rfxe8 1/2-1/2